[Event "Cto de Aragon por Equipos Preferente"]
[Site ""]
[Date "2021.05.15"]
[Round "8.35"]
[White "Olivan Lopez, Dario"]
[Black "Sancho Cortes, Miguel Angel"]
[Result "0-1"]
[WhiteElo "1910"]
[BlackElo "2039"]
[PlyCount "0"]
[WhiteTeam "Utebo San Lamberto"]
[BlackTeam "Marie Curie"]
[EventDate "2021.03.13"]

1. e4 c5 2. Nf3 g6 3. d4 cxd4 4. Qxd4 Nf6 5. c4 Nc6 6. Qe3 d6 7. h3 Bg7 8. Be2
O-O 9. O-O Nd7 10. Rd1 Qb6 11. Nc3 Qxe3 12. Bxe3 Bxc3 13. bxc3 b6 14. Nd4 Bb7
15. f3 Rfc8 16. Nxc6 Rxc6 17. f4 Rc7 18. Rd4 Nc5 19. e5 dxe5 20. fxe5 Ne6 21.
Rad1 Nxd4 22. cxd4 Ba6 23. Bf3 Rd8 24. c5 bxc5 25. d5 Bb7 26. Bg5 Rcd7 27. Rc1
Bxd5 28. Rxc5 Bxf3 29. gxf3 Kg7 30. Kf2 Rd5 31. Bxe7 Rxc5 0-1

[Event "Cto de Aragon por Equipos Preferente"]
[Site ""]
[Date "2021.05.15"]
[Round "8.36"]
[White "Sanchez Perez, Carlos"]
[Black "Lopez Guaita, Fernando"]
[Result "1-0"]
[WhiteElo "1497"]
[BlackElo "1830"]
[PlyCount "0"]
[WhiteTeam "Marie Curie"]
[BlackTeam "Utebo San Lamberto"]
[EventDate "2021.03.13"]

1. e4 c6 2. d4 d5 3. exd5 cxd5 4. Nf3 Nf6 5. Bf4 e6 6. Bd3 Nc6 7. c3 Bd6 8.
Bxd6 Qxd6 9. Nbd2 a6 10. Qe2 Bd7 11. Ne5 Qe7 12. f4 O-O-O 13. Nxd7 Nxd7 14. O-O
Qd6 15. a4 f5 16. b4 Ncb8 17. Nb3 h6 18. Nc5 Nxc5 19. bxc5 Qd7 20. Rfb1 Qf7 21.
Rb6 Rhe8 22. Re1 g6 23. Rxe6 Rf8 24. Re7 Qf6 25. Qe6+ Rd7 26. Re8+ Rxe8 27.
Qxe8+ Kc7 28. Re6 Qh4 29. g3 Qd8 30. Qxd8+ Rxd8 31. Rxg6 Re8 32. Kf2 1-0

[Event "Cto de Aragon por Equipos Preferente"]
[Site ""]
[Date "2021.05.15"]
[Round "8.38"]
[White "Iglesias Fernandez, Luis"]
[Black "Anson Casaos, Alejandro"]
[Result "1-0"]
[WhiteElo "1847"]
[BlackElo "1829"]
[PlyCount "0"]
[WhiteTeam "Palacio De Pioneros C"]
[BlackTeam "Helios B"]
[EventDate "2021.03.13"]

1. d4 Nf6 2. Bg5 e6 3. e4 Be7 4. Bd3 d5 5. e5 Nfd7 6. Bxe7 Qxe7 7. Nf3 b6 8.
O-O Ba6 9. c3 c5 10. Na3 Bxd3 11. Qxd3 a6 12. Nc2 Nc6 13. Qe2 O-O 14. Rfe1 cxd4
15. Ncxd4 Nxd4 16. cxd4 b5 17. Rac1 Rfc8 18. Qd2 Nb6 19. Rxc8+ Rxc8 20. Rc1 Qb7
21. Rc2 h6 22. Qc1 Rxc2 23. Qxc2 a5 24. Ne1 Qc8 25. Qc5 Qxc5 26. dxc5 Na4 27.
Nd3 Kf8 28. a3 Ke7 29. b4 axb4 30. axb4 Kd7 31. f4 Nc3 32. Kf2 Kc6 33. Ke3 Ne4
34. Ne1 Nc3 35. Kd2 Ne4+ 36. Kd3 g5 37. g3 gxf4 38. gxf4 h5 39. Nf3 Nf2+ 40.
Ke2 Ng4 41. h3 Nh6 42. Nd4+ Kb7 43. Nxb5 1-0

[Event "Cto de Aragon por Equipos Preferente"]
[Site ""]
[Date "2021.05.15"]
[Round "8.39"]
[White "Gonzalez Azuara, Javier"]
[Black "Sanjuan Segura, Ignacio"]
[Result "1/2-1/2"]
[WhiteElo "1715"]
[BlackElo "1694"]
[PlyCount "0"]
[WhiteTeam "Helios B"]
[BlackTeam "Palacio De Pioneros C"]
[EventDate "2021.03.13"]

1. d4 Nf6 2. c4 e6 3. a3 d5 4. Nc3 Be7 5. Bf4 dxc4 6. e4 a6 7. Bxc4 b5 8. Bb3
Bb7 9. d5 exd5 10. Nxd5 Nxd5 11. Bxd5 c6 12. Bb3 O-O 13. Qxd8 Rxd8 14. Nf3 c5
15. O-O c4 16. Bc2 Nc6 17. Rad1 Rac8 18. e5 c3 19. Bf5 Rxd1 20. Rxd1 Rd8 21.
Rxd8+ Nxd8 22. b4 Bxf3 23. gxf3 Nc6 24. Kf1 g5 25. Bc1 Nxe5 26. Ke2 Nc4 27. Kd3
a5 28. Kxc3 axb4+ 29. axb4 Ne5 30. f4 Nc6 31. fxg5 Bxb4+ 32. Kb3 Be1 33. Be3
Ne5 34. Kc2 Ba5 35. Bf4 Ng6 36. Bd6 Bb6 37. Bg3 Kg7 {Ilegible} 1/2-1/2

[Event "Cto de Aragon por Equipos Preferente"]
[Site ""]
[Date "2021.05.15"]
[Round "8.41"]
[White "Veras Sanz, Marino"]
[Black "Garcia Morales, Roberto"]
[Result "0-1"]
[WhiteElo "2073"]
[BlackElo "2016"]
[PlyCount "0"]
[WhiteTeam "El Olivar B"]
[BlackTeam "Agrupacion B"]
[EventDate "2021.03.13"]


1. Nf3 Nf6 2. g3 e6 3. Bg2 c5 4. c4 Nc6 5. O-O Be7 6. d4 cxd4 7. Nxd4 O-O 8.
Nc3 a6 9. b3 d5 10. cxd5 exd5 11. Bb2 Be6 12. Qd2 Rc8 13. Rad1 Nxd4 14. Qxd4
Bc5 15. Qf4 Bd6 16. Qa4 Be5 17. Rd3 Bf5 18. e4 Bd7 19. Qa3 d4 20. Ne2 Bb5 21.
Rd2 Bd6 22. b4 Rc4 23. Nxd4 Bxb4 24. Nc6 Qxd2 25. Nxb4 Qxb4 26. Qxb4 Rxb4 27.
Ba3 Bxf1 0-1

[Event "Cto de Aragon por Equipos Preferente"]
[Site ""]
[Date "2021.05.15"]
[Round "8.42"]
[White "Carruez Berges, Santiago"]
[Black "Bailo Remacha, Santiago"]
[Result "1-0"]
[WhiteElo "1998"]
[BlackElo "1948"]
[PlyCount "0"]
[WhiteTeam "Agrupacion B"]
[BlackTeam "El Olivar B"]
[EventDate "2021.03.13"]

1. e4 c5 2. d4 cxd4 3. c3 dxc3 4. Nxc3 d6 5. Bc4 Nc6 6. Nf3 Nf6 7. O-O e6 8.
Qe2 a6 9. Rd1 Qc7 10. Bf4 e5 11. Nd5 Nxd5 12. exd5 Be7 13. Bg3 Na5 14. Bd3 b5
15. Nxe5 O-O 16. Rac1 Qd8 17. Nf3 Bf6 18. Re1 g6 19. b4 Nb7 20. Nd2 Bb2 21. Rc2
Bg7 22. h4 f5 23. f4 Bd7 24. Qe7 Bd4+ 25. Kh2 Rf7 26. Qxd8+ Nxd8 27. Nf3 Bf6
28. Ng5 Rg7 29. Bf2 a5 30. Ne6 Re7 31. Nc7 Rxe1 32. Bxe1 Rc8 33. bxa5 Bd4 34.
Bb4 Nb7 35. a6 Nc5 36. Bxc5 dxc5 37. a7 c4 38. a8=Q Rxa8 39. Nxa8 cxd3 40. Rd2
Be3 41. Rxd3 Bxf4+ 42. g3 Bd6 43. Nb6 Be8 44. Nc8 Bc7 45. d6 Bd8 46. d7 Bf7 47.
Nd6 Bc4 48. Re3 Bc7 49. Re8+ 1-0

[Event "Cto de Aragon por Equipos Preferente"]
[Site ""]
[Date "2021.05.15"]
[Round "8.43"]
[White "Arinez Bruna, Octavio"]
[Black "Serrat Claver, David"]
[Result "1-0"]
[WhiteElo "1873"]
[BlackElo "1898"]
[PlyCount "0"]
[WhiteTeam "El Olivar B"]
[BlackTeam "Agrupacion B"]
[EventDate "2021.03.13"]

1. d4 Nf6 2. Bg5 d5 3. e3 e6 4. c4 h6 5. Bxf6 Qxf6 6. Nc3 c6 7. Nf3 Nd7 8. cxd5
exd5 9. Bd3 Nb6 10. O-O Bg4 11. h3 Bxf3 12. Qxf3 Qxf3 13. gxf3 O-O-O 14. Rac1
g6 15. Rc2 f5 16. Rb1 Bb4 17. a3 Bxc3 18. Rxc3 Kd7 19. f4 Rhe8 20. b4 Na4 21.
Rc2 b5 22. Rbc1 Rc8 23. Rxc6 a6 24. Rxc8 Rxc8 25. Rxc8 Kxc8 26. Kf1 Nb2 27. Ke2
Nc4 28. f3 Nd6 29. Bc2 Kd7 30. Bb3 Ke6 31. Kd3 g5 32. fxg5 hxg5 33. Ba2 Nc4 34.
e4 Nb2+ 35. Kc3 Na4+ 36. Kd2 Nb6 37. Bxd5+ Nxd5 38. exd5+ Kxd5 39. Ke3 Kc4 40.
f4 g4 41. hxg4 1-0

[Event "Cto de Aragon por Equipos Preferente"]
[Site ""]
[Date "2021.05.15"]
[Round "8.44"]
[White "Conon, Catalin"]
[Black "Munoz Valles, Jorge"]
[Result "1/2-1/2"]
[WhiteElo "1654"]
[BlackElo "1668"]
[PlyCount "0"]
[WhiteTeam "Agrupacion B"]
[BlackTeam "El Olivar B"]
[EventDate "2021.03.13"]


1. d4 Nf6 2. c4 g6 3. Nc3 Bg7 4. e4 d6 5. h3 O-O 6. Be3 e5 7. d5 a5 8. g4 Na6
9. Qd2 Nc5 10. f3 a4 11. Nge2 Bd7 12. Ng3 h5 13. gxh5 Nxh5 14. Nxh5 Qh4+ 15.
Qf2 Qxh5 16. Be2 b6 17. f4 Bg4 18. Bxc5 Bxe2 19. Qxe2 Qxe2+ 20. Kxe2 bxc5 21.
f5 gxf5 22. exf5 f6 23. Kd3 Kf7 24. b3 axb3 25. axb3 Ke7 26. Nb5 Kd7 27. Rag1
Rf7 28. Rg2 Bh6 29. h4 Rh8 30. Nc3 Rb8 31. Kc2 Ra8 32. Rg6 Be3 33. h5 Rh8 34.
Kd3 Bh6 35. Ne4 Ke7 36. Ra1 Bg7 37. Ra7 Kd7 38. Rxg7 Rxg7 39. Nxf6+ Ke7 40. Ne4
Kd7 41. Nf6+ Ke7 1/2-1/2

[Event "ARA Cto de Aragon por Equipos Division de Honor Global"]
[Site "Aragon"]
[Date "2021.05.29"]
[Round "9.1"]
[White "Zambrana Petisme, Ramiro"]
[Black "Forcen Esteban, Daniel"]
[Result "0-1"]
[WhiteElo "2102"]
[BlackElo "2558"]
[PlyCount "0"]
[WhiteTeam "Palacio de Pioneros B"]
[BlackTeam "Jaime Casas"]
[EventDate "2021.03.13"]

1. e4 b6 2. d4 Bb7 3. Nc3 e6 4. Nf3 Bb4 5. Bd3 Nf6 6. Qe2 d5 7. e5 Ne4 8. Bd2
Nxd2 9. Nxd2 Be7 10. h4 h5 11. g4 c5 12. Bb5+ Kf8 13. gxh5 a6 14. Qg4 axb5 15.
Rg1 Rh7 16. Nf3 Nc6 17. Ng5 Bxg5 18. hxg5 Nxd4 19. O-O-O Ke7 20. g6 fxg6 21.
Qxg6 Qh8 22. Rxd4 cxd4 23. Nxb5 Rf8 24. Nd6 Bc6 25. Qg4 Rxh5 26. Qxd4 Rh1 27.
f4 Qh2 28. Rxh1 Qxh1+ 29. Kd2 Qh2+ 30. Kc3 Qg3+ 0-1

[Event "ARA Cto de Aragon por Equipos Division de Honor Global"]
[Site "Aragon"]
[Date "2021.05.29"]
[Round "9.2"]
[White "Ramiro Ovejero, Juan Luis"]
[Black "Colom Sienes, Eduardo"]
[Result "1-0"]
[WhiteElo "2345"]
[BlackElo "2094"]
[PlyCount "0"]
[WhiteTeam "Jaime Casas"]
[BlackTeam "Palacio de Pioneros B"]
[EventDate "2021.03.13"]

1. e4 e6 2. d4 d5 3. exd5 exd5 4. Nf3 Bd6 5. c4 Nf6 6. Nc3 O-O 7. cxd5 Nbd7 8.
Be2 Nb6 9. Bg5 h6 10. Bxf6 Qxf6 11. O-O Re8 12. a4 a5 13. Re1 Bg4 14. Ne5 Bxe2
15. Qxe2 Qf4 16. Rad1 f6 17. g3 Qf5 18. Qd3 Qh5 19. Nc4 Nxc4 20. Qxc4 Qf3 21.
Re6 f5 22. Rde1 Rf8 23. Qe2 Qxe2 24. R1xe2 Bb4 25. Nb5 Rad8 26. Nxc7 Rd7 27.
Nb5 Rxd5 28. f4 Rfd8 29. Kg2 Kf7 30. Kf3 g6 31. Rb6 R8d7 32. Ree6 g5 33. Rxh6
g4+ 34. Kf2 Rxd4 35. Nxd4 Rxd4 36. Rxb7+ Kg8 37. Rg6+ Kh8 38. Rc6 Rd8 39. Rcc7
Re8 40. Rh7+ Kg8 41. Rbg7+ Kf8 42. Rh8+ 1-0

[Event "ARA Cto de Aragon por Equipos Division de Honor Global"]
[Site "Aragon"]
[Date "2021.05.29"]
[Round "9.3"]
[White "Castillo Sanjuan, Daniel"]
[Black "Fontana Sotomayor, Luis Javier"]
[Result "0-1"]
[WhiteElo "1965"]
[BlackElo "2271"]
[PlyCount "0"]
[WhiteTeam "Palacio de Pioneros B"]
[BlackTeam "Jaime Casas"]
[EventDate "2021.03.13"]


1. e4 c6 2. d4 d5 3. Nc3 dxe4 4. Nxe4 Nf6 5. Ng3 g6 6. c3 Bg7 7. Nf3 Bg4 8. Qb3
Qb6 9. Ne5 Be6 10. Qc2 Nbd7 11. f4 Nxe5 12. dxe5 Ng4 13. Qe2 Nh6 14. Be3 Qa5
15. h3 Nf5 16. Nxf5 Bxf5 17. Qf2 f6 18. exf6 Bxf6 19. Bd4 O-O-O 20. Rd1 Bxd4
21. Rxd4 Rxd4 22. Qxd4 Rd8 23. Qe5 Qxa2 24. Kf2 Qxb2+ 25. Be2 Qb6+ 26. Kg3 Qc7
27. Qe3 e5 28. Qxa7 exf4+ 29. Kf2 Rd2 30. Rd1 Rxd1 31. Bxd1 Qe5 32. c4 Bd3 33.
Bg4+ Kc7 34. Bf3 Bxc4 35. Qa3 Qe3+ 0-1

[Event "ARA Cto de Aragon por Equipos Division de Honor Global"]
[Site "Aragon"]
[Date "2021.05.29"]
[Round "9.4"]
[White "Maza Broto, Pablo"]
[Black "Sacristan Latorre, Carlos"]
[Result "1-0"]
[WhiteElo "2026"]
[BlackElo "1667"]
[PlyCount "0"]
[WhiteTeam "Jaime Casas"]
[BlackTeam "Palacio de Pioneros B"]
[EventDate "2021.03.13"]

1. e4 c5 2. Nf3 d6 3. d4 cxd4 4. Nxd4 Nf6 5. Nc3 a6 6. Be2 Qc7 7. O-O Nbd7 8.
f4 b5 9. a3 Bb7 10. Bf3 g6 11. Re1 e5 12. Nb3 Rc8 13. Kh1 h5 14. f5 Be7 15. Bg5
Ng4 16. Qd2 gxf5 17. Bxe7 Kxe7 18. exf5 Bxf3 19. gxf3 Ngf6 20. Rad1 Rcg8 21.
Na5 Nb6 22. Nb7 Nc4 23. Nd5+ Nxd5 24. Qxd5 Rb8 25. Nxd6 Qxd6 26. Qe4 Qc7 27. b3
f6 28. bxc4 bxc4 29. Qd5 Rb6 30. Rg1 1-0

[Event "ARA Cto de Aragon por Equipos Division de Honor Global"]
[Site "Aragon"]
[Date "2021.05.29"]
[Round "9.6"]
[White "Escartin Lacasa, Jose"]
[Black "Villuendas Valero, Adrian"]
[Result "1/2-1/2"]
[WhiteElo "2111"]
[BlackElo "2249"]
[PlyCount "0"]
[WhiteTeam "Jaque Pirenauto"]
[BlackTeam "El Olivar"]
[EventDate "2021.03.13"]

1. d4 e6 2. Nf3 c5 3. g3 cxd4 4. Nxd4 d5 5. Bg2 Nf6 6. O-O e5 7. Nb3 Be6 8. Bg5
Nbd7 9. Nc3 Be7 10. f4 exf4 11. gxf4 h6 12. Bxf6 Nxf6 13. f5 Bd7 14. Nxd5 Nxd5
15. Qxd5 Qb6+ 16. Qd4 Qxd4+ 17. Nxd4 Bc5 18. Rad1 O-O-O 19. Kh1 Rhe8 20. e4 Bc6
21. Nxc6 bxc6 22. Bf3 Bd4 23. c3 Be5 24. Kg2 Kc7 25. h3 Rb8 26. Rf2 Red8 27.
Kf1 Rd6 28. Rxd6 Kxd6 29. Bd1 Bf6 30. Kg2 Ke5 31. Kf3 Rd8 32. Bc2 Bg5 33. Kg4
Rd2 34. Rxd2 Bxd2 35. Kf3 Bc1 36. b4 Bd2 37. Ba4 Bxc3 38. Bxc6 Bxb4 39. Bd5 g6
1/2-1/2

[Event "ARA Cto de Aragon por Equipos Division de Honor Global"]
[Site "Aragon"]
[Date "2021.05.29"]
[Round "9.7"]
[White "Hernando Garcia, Antonio"]
[Black "Ereza Vizcarra, Fernando"]
[Result "0-1"]
[WhiteElo "2097"]
[BlackElo "2103"]
[PlyCount "0"]
[WhiteTeam "El Olivar"]
[BlackTeam "Jaque Pirenauto"]
[EventDate "2021.03.13"]

1. c4 e5 2. g3 Nc6 3. Bg2 g6 4. Nc3 Bg7 5. Nf3 f5 6. d3 d6 7. O-O Nf6 8. Rb1
O-O 9. b4 h6 10. b5 Ne7 11. a4 Be6 12. Qb3 Rc8 13. Ba3 Qd7 14. Nd2 b6 15. a5 f4
16. axb6 axb6 17. Bb2 Kh8 18. Ra1 Bh3 19. Ra7 Bxg2 20. Kxg2 Nf5 21. Nce4 Ng4
22. Nf3 Nfe3+ 23. fxe3 Nxe3+ 24. Kf2 Nxf1 25. Kxf1 Qh3+ 26. Ke1 g5 27. Nf2 Qd7
28. g4 Ra8 29. Qa2 Rxa7 30. Qxa7 Kh7 31. Qb7 Re8 32. Qe4+ Kg8 33. Kf1 Qc8 34.
h4 h5 35. gxh5 g4 36. Ng5 g3 37. Nd1 Qa8 38. Qxa8 Rxa8 39. Ne6 Kf7 40. Nxc7 Rh8
41. Kg2 Rxh5 42. e3 Rxh4 43. exf4 Rh2+ 44. Kxg3 Rd2 45. fxe5 dxe5 46. Nf2 Rxb2
47. Nd5 Bf8 48. Ng4 Ke6 49. Nxb6 Rd2 50. Kf3 Rxd3+ 51. Ne3 Rxe3+ 52. Kxe3 Bc5+
53. Kd3 Bxb6 54. Kc3 Ba5+ 55. Kb3 Kd6 56. Ka4 Bb6 57. Kb4 e4 58. Kb3 Kc5 59.
Kc3 Ba5+ 0-1

[Event "ARA Cto de Aragon por Equipos Division de Honor Global"]
[Site "Aragon"]
[Date "2021.05.29"]
[Round "9.8"]
[White "Buisac Anadon, Pablo"]
[Black "Galstyan, David"]
[Result "1/2-1/2"]
[WhiteElo "2064"]
[BlackElo "1816"]
[PlyCount "0"]
[WhiteTeam "Jaque Pirenauto"]
[BlackTeam "El Olivar"]
[EventDate "2021.03.13"]

1. d4 Nf6 2. Nf3 e6 3. Bf4 c5 4. e3 cxd4 5. exd4 b6 6. Nc3 Bb7 7. Bd3 Be7 8.
Nb5 d6 9. c3 O-O 10. a4 a6 11. Na3 Nbd7 12. Qe2 e5 13. dxe5 dxe5 14. Nxe5 Nd5
15. Rd1 Nxf4 16. Bxh7+ Kxh7 17. Qc2+ Kg8 18. Rxd7 Nxg2+ 19. Kf1 Bxa3 20. Rxd8
Raxd8 21. Rg1 Bd6 22. Ng4 f5 23. Rxg2 Bxg2+ 24. Kxg2 fxg4 25. Qb3+ Kh8 26. Qxb6
Bb8 27. Qb4 Rf4 28. Qc5 Rdf8 1/2-1/2

[Event "ARA Cto de Aragon por Equipos Division de Honor Global"]
[Site "Aragon"]
[Date "2021.05.29"]
[Round "9.9"]
[White "Adla, Diego"]
[Black "Ruperez Benito, Antonio"]
[Result "1-0"]
[WhiteElo "2425"]
[BlackElo "2363"]
[PlyCount "0"]
[WhiteTeam "MyInvestor Casablanca"]
[BlackTeam "Palacio de Pioneros A"]
[EventDate "2021.03.13"]

1. c4 e6 2. g3 d5 3. Bg2 Nf6 4. Nf3 d4 5. O-O c5 6. e3 Nc6 7. exd4 cxd4 8. d3
Bd6 9. a3 a5 10. Bg5 h6 11. Bxf6 Qxf6 12. Nbd2 Qe7 13. Qc2 O-O 14. Rfe1 e5 15.
Nxe5 Nxe5 16. f4 Qc7 17. fxe5 Bxe5 18. c5 Be6 19. b4 Rfc8 20. Nc4 Bxc4 21. Qxc4
Bf6 22. Rab1 axb4 23. axb4 Rab8 24. b5 b6 25. c6 h5 26. Qd5 h4 27. Qd7 Qxd7 28.
cxd7 Rd8 29. Bc6 hxg3 30. Re8+ Kh7 31. hxg3 g6 32. Ra1 Bg5 33. Ra7 f5 34. Rc7
1-0

[Event "ARA Cto de Aragon por Equipos Division de Honor Global"]
[Site "Aragon"]
[Date "2021.05.29"]
[Round "9.10"]
[White "Palacios Herrero, Pablo"]
[Black "Glavina, Pablo"]
[Result "0-1"]
[WhiteElo "2243"]
[BlackElo "2410"]
[PlyCount "0"]
[WhiteTeam "Palacio de Pioneros A"]
[BlackTeam "MyInvestor Casablanca"]
[EventDate "2021.03.13"]

1. e4 e5 2. Nf3 Nc6 3. Bb5 a6 4. Ba4 Nf6 5. O-O Bc5 6. c3 b5 7. Bb3 d6 8. d4
Bb6 9. Be3 Bg4 10. dxe5 Nxe5 11. Bxb6 cxb6 12. Nbd2 O-O 13. h3 Bd7 14. Nd4 Re8
15. f4 Nc4 16. Bxc4 bxc4 17. Qf3 Qc7 18. Rae1 Bc6 19. Nxc6 Qxc6 20. e5 Qxf3 21.
gxf3 dxe5 22. fxe5 Nd7 23. f4 b5 24. Ne4 f6 25. exf6 Nxf6 26. Nxf6+ gxf6 27.
Kf2 Kf7 28. Kf3 Rxe1 29. Rxe1 Rd8 30. Re2 Rd5 31. Re4 Rd3+ 32. Re3 Rd1 33. Re2
h5 34. Kg2 Kg6 35. Kf3 Kf5 36. b3 Rf1+ 37. Kg3 Rxf4 38. Rd2 h4+ 39. Kg2 Ke4 40.
Rd6 a5 41. bxc4 bxc4 42. Ra6 Kd3 43. Rxa5 Kxc3 44. Ra3+ Kb2 45. Ra4 f5 46. Kg1
Re4 0-1

[Event "ARA Cto de Aragon por Equipos Division de Honor Global"]
[Site "Aragon"]
[Date "2021.05.29"]
[Round "9.11"]
[White "Quintin Navarro, Alberto"]
[Black "Romero Pallares, Daniel"]
[Result "1-0"]
[WhiteElo "2394"]
[BlackElo "2203"]
[PlyCount "0"]
[WhiteTeam "MyInvestor Casablanca"]
[BlackTeam "Palacio de Pioneros A"]
[EventDate "2021.03.13"]

1. Nf3 Nf6 2. c4 e6 3. d4 d5 4. g3 Be7 5. Bg2 O-O 6. O-O dxc4 7. Na3 Bxa3 8.
bxa3 b5 9. Ng5 c6 10. e4 h6 11. e5 hxg5 12. Bxg5 Nbd7 13. Bxc6 Rb8 14. Qf3 Bb7
15. Bxb7 Qc7 16. Bxf6 Qxb7 17. Qg4 g6 18. Qf4 1-0

[Event "ARA Cto de Aragon por Equipos Division de Honor Global"]
[Site "Aragon"]
[Date "2021.05.29"]
[Round "9.12"]
[White "Caballero Ortin, Jorge"]
[Black "Vela Frago, Alberto"]
[Result "1/2-1/2"]
[WhiteElo "1677"]
[BlackElo "2065"]
[PlyCount "0"]
[WhiteTeam "Palacio de Pioneros A"]
[BlackTeam "MyInvestor Casablanca"]
[EventDate "2021.03.13"]

1. e4 c5 2. Nf3 e6 3. g3 Nc6 4. Bg2 d6 5. O-O a6 6. Re1 Nf6 7. d3 g6 8. e5 dxe5
9. Nxe5 Nxe5 10. Rxe5 Nd7 11. Re1 Bg7 12. Nc3 O-O 13. h4 Ra7 14. Bg5 Qc7 15.
Qd2 b6 16. h5 Bb7 17. hxg6 hxg6 18. Bh6 Kh7 19. Bxg7 Kxg7 20. Ne4 e5 21. Ng5
Bxg2 22. Kxg2 Qc6+ 23. f3 Raa8 24. Rh1 Rh8 25. Rae1 f6 26. Ne4 Rad8 27. g4 b5
28. Rxh8 Rxh8 29. Rh1 Rxh1 30. Kxh1 Nf8 31. Qh2 Qd5 32. g5 f5 33. Nd2 c4 34.
dxc4 bxc4 35. c3 Ne6 36. Qh6+ Kf7 37. Qh7+ Ng7 38. Qh2 Nh5 39. Qf2 Kg8 40. Kh2
Nf4 41. Nf1 Qd8 42. Qh4 Qd1 43. Qf2 Nd3 44. Qb6 Nf4 45. Qb8+ Kf7 46. Qb7+ Ke8
47. Qb8+ Kd7 48. Qb7+ Kd8 49. Qb8+ Kd7 50. Qb7+ Kd8 1/2-1/2

[Event "ARA Cto de Aragon por Equipos Division de Honor Global"]
[Site "Aragon"]
[Date "2021.05.29"]
[Round "9.13"]
[White "Lana Rodriguez, David"]
[Black "Lopez Gracia, Fernando"]
[Result "1-0"]
[WhiteElo "2361"]
[BlackElo "2299"]
[PlyCount "0"]
[WhiteTeam "Agrupacion"]
[BlackTeam "Ibercaja"]
[EventDate "2021.03.13"]

1. d4 d5 2. c4 e6 3. Cc3 a6 4. e4 dxe4 5. f3 Ab4 6. Ae3 Cf6 7. Dc2 c5 8. O-O-O
Da5 9. Cge2 O-O 10. d5 exd5 11. cxd5 exf3 12. gxf3 Cbd7 13. Ah3 Ce5 14. Axc8
Taxc8 15. Df5 Cfd7 16. Af4 Tfe8 17. Thg1 Cg6 18. Txg6 hxg6 19. Dxd7 b5 20. Rb1
Ted8 21. Db7 Axc3 22. Cxc3 b4 23. Ce4 c4 24. Cg5 c3 25. Dxf7+ Rh8 26. Tc1 b3
27. axb3 cxb2 28. Rxb2 Txc1 29. Axc1 Dxd5 30. Dxg6 Dd4+ 31. Ra2 Dd3 32. Dh5+
Rg8 33. Df7+ Rh8 34. Ab2 1-0

[Event "ARA Cto de Aragon por Equipos Division de Honor Global"]
[Site "Aragon"]
[Date "2021.05.29"]
[Round "9.14"]
[White "Torcal Miguel, Oscar"]
[Black "Moreno Martin-Viveros, Alvaro"]
[Result "1/2-1/2"]
[WhiteElo "2101"]
[BlackElo "2151"]
[PlyCount "0"]
[WhiteTeam "Ibercaja"]
[BlackTeam "Agrupacion"]
[EventDate "2021.03.13"]

1. c4 c5 2. g3 Cc6 3. Ag2 g6 4. Cc3 Ag7 5. Tb1 e5 6. a3 a5 7. d3 Cge7 8. e4 d6
9. Cge2 O-O 10. O-O f5 11. Cd5 Tb8 12. Cec3 Cxd5 13. Cxd5 Ae6 14. exf5 Axf5 15.
h3 Ae6 16. Cc3 Rh8 17. Ae3 Dd7 18. Rh2 Ce7 19. Db3 Dd8 20. Ag5 Af6 21. Ah6 Ag7
22. Ag5 Af6 23. Ah6 Ag7 1/2-1/2

[Event "ARA Cto de Aragon por Equipos Division de Honor Global"]
[Site "Aragon"]
[Date "2021.05.29"]
[Round "9.15"]
[White "Garcia Morales, Roberto"]
[Black "Villalba Embid, Marcos"]
[Result "0-1"]
[WhiteElo "2016"]
[BlackElo "2020"]
[PlyCount "0"]
[WhiteTeam "Agrupacion"]
[BlackTeam "Ibercaja"]
[EventDate "2021.03.13"]

1. e4 c5 2. b4 cxb4 3. d4 d5 4. exd5 Cf6 5. c4 bxc3 6. Cxc3 Cxd5 7. Ad2 e6 8.
Cf3 Ae7 9. Ad3 O-O 10. O-O Cxc3 11. Axc3 Af6 12. Tb1 Cc6 13. Dc2 g6 14. h4 Cxd4
15. Axd4 Axd4 16. Tbd1 e5 17. h5 Ag4 18. Ae4 Axh5 19. Axb7 Tb8 20. Tb1 De7 21.
De4 Axf3 22. Dxf3 Dg5 23. Ad5 Df5 24. Dxf5 gxf5 25. Tfd1 Txb1 26. Txb1 Td8 27.
Ac4 Ab6 28. Tb2 Td1+ 29. Rh2 e4 30. g3 Rg7 31. Tc2 Aa5 32. Ab3 Td2 33. Txd2
Axd2 34. Rg2 f4 35. gxf4 Axf4 36. Ac2 f5 37. f3 e3 38. Axf5 h5 39. Ad3 Rf6 40.
Aa6 Re5 41. Rf1 Ag3 42. f4+ Rxf4 43. Ae2 h4 44. Rg2 Re4 45. a4 a5 46. Af1 Af2
47. Ae2 Rd4 0-1

[Event "ARA Cto de Aragon por Equipos Division de Honor Global"]
[Site "Aragon"]
[Date "2021.05.29"]
[Round "9.16"]
[White "Cid Royo, Jonathan"]
[Black "Llanes Luno, Ricardo"]
[Result "1/2-1/2"]
[WhiteElo "2176"]
[BlackElo "2199"]
[PlyCount "0"]
[WhiteTeam "L'Aurora"]
[BlackTeam "Delicias"]
[EventDate "2021.03.13"]

1. e4 c5 2. Nf3 e6 3. d4 cxd4 4. Nxd4 Nf6 5. Nc3 Bb4 6. Bd3 Nc6 7. Nxc6 dxc6 8.
O-O e5 9. a3 Bxc3 10. bxc3 Be6 11. h3 Qa5 12. Bd2 O-O 13. c4 Qa4 14. Rb1 c5 15.
Rxb7 Bxc4 16. Qf3 Ba6 17. Rbb1 c4 18. Be2 Qxc2 19. Bc3 Qxe4 20. Rfe1 Rab8 21.
Qxe4 Nxe4 22. Bxe5 Rxb1 23. Rxb1 Re8 24. Rb8 Rxb8 25. Bxb8 Nc3 26. Kf1 Nxe2 27.
Kxe2 c3+ 28. Ke1 c2 29. Kd2 Bf1 30. g3 Bxh3 31. Kxc2 a6 32. Kd3 f6 33. Ke3 Kf7
34. f4 Ke6 35. Kf3 Kf5 36. Bd6 Bg4+ 37. Ke3 Bd1 38. Bf8 g6 39. Be7 h5 40. Kf2
Bb3 41. Ke3 Kg4 42. Kf2 Kf5 43. Ke3 Bd5 44. Bd8 Bc6 45. Bc7 Kg4 46. Kf2 g5 47.
fxg5 fxg5 48. Bd6 Kh3 49. Kg1 h4 50. gxh4 Kxh4 51. Kf2 Kh3 52. Be7 g4 53. Bd6
1/2-1/2

[Event "ARA Cto de Aragon por Equipos Division de Honor Global"]
[Site "Aragon"]
[Date "2021.05.29"]
[Round "9.17"]
[White "Fabre Perez, Jose Maria"]
[Black "Cid Royo, Oscar"]
[Result "1-0"]
[WhiteElo "2059"]
[BlackElo "2039"]
[PlyCount "0"]
[WhiteTeam "Delicias"]
[BlackTeam "L'Aurora"]
[EventDate "2021.03.13"]


1. e4 c6 2. d4 d5 3. Nd2 g6 4. Ngf3 Bg7 5. c3 b6 6. Bd3 dxe4 7. Nxe4 Nd7 8. Qe2
Ndf6 9. Neg5 Nh6 10. Ne5 Bb7 11. Nexf7 Nxf7 12. Ne6 Qd7 13. Nxg7+ Kf8 14. Ne6+
Kg8 15. Bd2 c5 16. O-O-O Bd5 17. Bc4 Bxc4 18. Qxc4 cxd4 19. Nxd4 Rc8 20. Qe6
Qxe6 21. Nxe6 Nd6 22. Rhe1 Nde4 23. Be3 Kf7 24. Ng5+ Nxg5 25. Bxg5 Rhd8 26.
Rxd8 Rxd8 27. Rd1 Rxd1+ 28. Kxd1 Ne4 29. Be3 Ke6 30. Ke2 Kd6 31. Kd3 Nf6 32. c4
Nd7 33. f3 Ne5+ 34. Kc3 Nc6 35. a4 e6 36. b4 e5 37. c5+ bxc5 38. Bxc5+ Kd5 39.
Be3 a6 40. b5 axb5 41. axb5 Na5 42. Kb4 Nb7 43. Bf2 h5 44. Bh4 Kd6 45. Kc4 Na5+
46. Kd3 Kd5 47. b6 Nb7 48. Bf2 Nd6 49. Bh4 Nb7 50. Be7 Ke6 51. Bb4 Kd5 52. Ke3
Nd8 53. Be7 Nb7 54. f4 e4 55. h3 Na5 56. Bd8 Nc4+ 57. Ke2 Nd6 58. g4 Kc6 59.
Ke3 Kd5 60. Ke2 Kc6 61. Bc7 Nb7 62. gxh5 gxh5 63. f5 Kd7 64. Ke3 Nc5 65. Kf4
Kc6 66. f6 Kd7 67. Ke3 Ke6 68. Be5 1-0